00513 2200193 4500001002100000005001500021035002000036007000300056008004100059020002200100082001000122084001600132100001900148245003700167250002000204260004400224300003500268600001600303INLIS00000000113906920220121104236 a0010-0122004224ta220121 0 ind  a978-979-27-7836-6 aF 813 aF 813 MAK p0 aMakoto Isshiki1 aPiano Hutan 17 /cMakoto Isshiki aCetakan Pertama aJakarta :bElex Media Komputindo,c2010 a... :bilustrasi ;c17 x 11 cm 4aFiksi Komik